[Event "Cologne Longerich op 09th"]
[Site "Cologne"]
[Date "2012.08.04"]
[Round "2"]
[White "Kuerten, Lothar"]
[Black "Fluechter, Markus"]
[Result "1/2-1/2"]
[WhiteElo "1623"]
[BlackElo "1504"]
[PlyCount "47"]
[EventDate "2012.08.03"]
[EventType "tourn"]
[EventRounds "5"]
[EventCountry "GER"]
[SourceTitle "EXT 2017"]
[Source "ChessBase"]
[SourceDate "2016.10.25"]
[SourceVersion "1"]
[SourceVersionDate "2016.10.25"]
[SourceQuality "1"]

1. e4 e5 2. Nf3 Nc6 3. d4 exd4 4. c3 dxc3 5. Nxc3 Bc5 6. Bc4 h6 7. Bxf7+ Kxf7 8. Qd5+ Kf8 9. Qxc5+ d6 10. Qe3 Nf6 11. 0-0 Kf7 12. Nd4 Re8 13. f4 Kg8 14. Nxc6 bxc6 15. Qd4 c5 16. Qc4+ Be6 17. Qd3 Bd7 18. Bd2 Qb8 19. e5 Nh7 20. b3 a6 21. Rae1 Qb6 22. Be3 Bb5 23. Nxb5 axb5 24. Qd5+ 1/2-1/2

[Event "Harburg-chH 9th"]
[Site "Hamburg"]
[Date "2011.08.21"]
[Round "4"]
[White "Fluechter, Markus"]
[Black "Rulfs, Ernst August"]
[Result "1-0"]
[WhiteElo "1357"]
[BlackElo "1628"]
[PlyCount "57"]
[EventDate "2011.08.19"]
[EventType "tourn"]
[EventRounds "5"]
[EventCountry "GER"]
[SourceTitle "EXT 2012"]
[Source "ChessBase"]
[SourceDate "2011.11.24"]
[SourceVersion "1"]
[SourceVersionDate "2011.11.24"]
[SourceQuality "1"]

1. e4 e6 2. d4 d5 3. exd5 exd5 4. Nf3 c5 5. Be2 Bd6 6. 0-0 Ne7 7. Be3 Qb6 8. dxc5 Bxc5 9. Bxc5 Qxc5 10. c3 0-0 11. Nbd2 Nbc6 12. Nb3 Qb6 13. Re1 Be6 14. Qc2 Rac8 15. Qd2 Nf5 16. Rad1 Nd6 17. Qf4 Ne4 18. Nfd4 Ne7 19. Bd3 Ng6 20. Qe3 f5 21. Nxe6 Qxe6 22. f3 f4 23. Qd4 Rcd8 24. fxe4 dxe4 25. Qxe4 Qb6+ 26. Kh1 Rd7 27. Bc4+ Kh8 28. Rxd7 Qf2 29. Qe2 1-0